Purpurová noc. Kniha druhá, Tisíciletý démon /
Druhá kniha fantasy příběhu z magických Čech blízké budoucnosti.
Uloženo v:
| Série: | Purpurová noc,
část 2 |
|---|---|
| Hlavní autor: | |
| Médium: | E-kniha |
| Jazyk: | Czech |
| Vydáno: |
Praha :
Brokilon,
2018
|
| Vydání: | Vydání první |
| Edice: | Brokilon alternativa
|
| Témata: | |
| Příbuzné jednotky: | Z cyklu::
Purpurová noc |
| Tagy: |
Žádné tagy |
| LEADER | 02685nam a2200433 i 4500 | ||
|---|---|---|---|
| 001 | 310956 | ||
| 003 | CZ PrSKC | ||
| 005 | 20260601215657.0 | ||
| 007 | ta | ||
| 008 | 181113s2018 xr g 000 f cze | ||
| 015 | |a cnb003056151 | ||
| 020 | |a 9788074564024 |q (brožováno) : |c Kč 288,00 | ||
| 035 | |a (OCoLC)1081389937 | ||
| 040 | |a OLA001 |b cze |d ABA001 |e rda | ||
| 072 | 7 | |a 821.162.3-3 |x Česká próza |2 Konspekt | |
| 080 | |a 821.162.3-31 |2 MRF | ||
| 080 | |a (0:82-312.9) |2 MRF | ||
| 100 | 1 | |a Francová, Karolina, |d 1974- |7 jn20011210286 |4 aut | |
| 245 | 1 | 0 | |a Purpurová noc. |n Kniha druhá, |p Tisíciletý démon / |c Karolina Francová |
| 246 | 3 | 0 | |a Tisíciletý démon |
| 250 | |a Vydání první | ||
| 264 | 1 | |a Praha : |b Brokilon, |c 2018 | |
| 300 | |a 289 stran ; |c 22 cm | ||
| 336 | |a text |b txt |2 rdacontent | ||
| 337 | |a bez média |b n |2 rdamedia | ||
| 338 | |a svazek |b nc |2 rdacarrier | ||
| 490 | 1 | |a Brokilon Alternativa | |
| 520 | 2 | |a Druhá kniha fantasy příběhu z magických Čech blízké budoucnosti. |b 2025, Česká republika, hlavní město Liberec. Krouží nad ním draci, v parcích hřadují harpyje a v ulicích loví hydry, gryfové a bazilišci. Životy lidí řídí čtveřice požehnání a prokletí: požehnání dlouhého života a zdraví, požehnání prosperity, prokletí nepoctivých a ochranné prokletí, jež zajišťuje bezpečí před útokem zvenku. Česko obstálo ve Druhé české válce. Moc přebírá Jan Rener, mladý a progresivní mág. Rozšiřuje území, navazuje nové mezinárodní vztahy, ukončuje magický teror. Zdá se, že pod jeho vládou země vstupuje do zlatého věku. A přece musí čelit nečekanému útoku, když přímo v hlavním městě dojde k vraždě. S pomocí bratra Nataniela se snaží najít pachatele a obnovit prokletí nepoctivých, zatímco k Česku se ze všech stran stahují nepřátelé, kteří cítí jeho slabinu. Nakladatelská anotace. Kráceno. | |
| 655 | 7 | |a české romány |7 fd133974 |2 czenas | |
| 655 | 7 | |a fantasy romány |7 fd184199 |2 czenas | |
| 655 | 9 | |a Czech fiction |2 eczenas | |
| 655 | 9 | |a fantasy novels |2 eczenas | |
| 787 | 0 | 8 | |i Z cyklu: |t Purpurová noc |g 2 |
| 830 | 0 | |a Brokilon alternativa | |
| 900 | |a ABA001 |b 21 | ||
| 044 | |a xr | ||
| 910 | |a RBIT002 | ||
| 998 | |d 179681 |a https://core.palmknihy.cz/api/books/179681/cover?she8cv |b https://core.palmknihy.cz/api/books/179681/cover/400?she8cv |c https://core.palmknihy.cz/api/books/179681/cover/50?she8cv |e |g 289 |i 9788074564024 |j https://core.palmknihy.cz/api/books/179681/preview.epub |k https://core.palmknihy.cz/api/books/179681/preview.pdf |l |q 49 |r 1 |s https://www.palmknihy.cz/kniha/179681 |t ebook |y 2018 |z 0 |v Purpurová noc |w 2 | ||
| 999 | |d 310954 | ||